Проектирование вентиляционных и промышленных выбросов в атмосферу

Détails bibliographiques
Auteur principal: Лейкин И. Н. Илья Наумович
Langue:russe
Publié: Москва, Химия, 1970
Sujets:
Format: Livre
KOHA link:https://koha.lib.tpu.ru/cgi-bin/koha/opac-detail.pl?biblionumber=67608

MARC

LEADER 00000nam0a2200000 4500
001 67608
005 20231031073704.0
035 |a (RuTPU)RU\TPU\book\71988 
090 |a 67608 
100 |a 20040917d1970 km y0rusy50 ca 
101 0 |a rus 
102 |a RU 
105 |a a z 001zy 
200 1 |a Проектирование вентиляционных и промышленных выбросов в атмосферу  |f И. Н. Лейкин 
210 |a Москва  |c Химия  |d 1970 
215 |a 131 с.  |c ил. 
320 |a Библиогр.: с. 130-131 
610 1 |a промышленные выбросы 
610 1 |a атмосфера 
610 1 |a проектирование 
610 1 |a загрязнение 
610 1 |a расчеты 
610 1 |a номограммы 
675 |a 551.51  |v 3 
675 |a 628.83  |v 3 
700 1 |a Лейкин  |b И. Н.  |g Илья Наумович 
801 1 |a RU  |b 63413507  |c 20040917  |g PSBO 
801 2 |a RU  |b 63413507  |c 20210126  |g PSBO 
942 |c BK